000 01676pam a22004814i 4500
999 _c64086
_d64086
001 768714001
003 CO-MdFUSB
005 20180622072550.0
008 020625s2003 enka b 001 0 eng
010 _a 2002068159
020 _a0415290600
020 _a0415290619 (pbk.)
040 _aDLC
_cCO-MdFUSB
_dYDX
_bspa
_erda
041 _aspa
042 _apcc
049 _aPTSS
082 0 0 _a111.84
_221
_bN285
245 1 0 _aIs nature ever evil?
_b: religion, science, and value
_c/ edited by Willem B. Drees.
264 1 _aLondon ;
_bNew York :
_bRoutledge,
_c[2003].
264 4 _c©2003
300 _axv, 341 páginas. :
_bgráficos ;
_c24 cm.
336 _2rdacontent
_atexto
_btxt
337 _2rdamedia
_asin mediación
_bn
338 _2rdacarrier
_avolumen
_bnc
504 _aIncluye referencias bibliográficas e índice
505 _tNaturaleza, ciencia y valor
_tJustificación evolutiva del mal
_tMejorando la naturaleza a través de la cultura y la tecnología
_t¿Valores como explicación o valores que explican?
563 _arústico
650 0 _aBien y mal
_9936
650 7 _aReligión y ciencia
_9259
650 0 _aNature
_xMoral and ethical aspects.
650 0 _aScience
_xMoral and ethical aspects.
650 0 _aNature
_xReligious aspects
_xChristianity.
650 0 _aChristian ethics.
653 _aFilosofía de la naturaleza
653 _aReligión y ética
653 _aNaturaleza -- Aspectos religiosos -- Cristianismo
653 _aCiencia -- Ética
700 1 _aDrees, Willem B.,
_d1954-
_eeditor
942 _cBK